00648nam a2200205Ia 4500003000400000008004100004020002600045040000800071100002400079245003700103260004800140300001300188365001100201901002100212902003500233903005800268942001200326952008700338999001700425LDD181029s9999 xx 000 0 und d a9788180301478c800.00 cLDD aSingh, Sanjay Kumar 0aPteridophytacSanjay Kumar Singh aNew DelhibCampus Books Internationalc2010 av, 291p. b800.00 a7236b13-05-2011 a3895b19-05-2011cFdPUJAeFTF aDiscount-15bReqst by : Amrita Nigam  2ddccBK 00102ddc4070996481aLDDbLDDl0o587 Si64Pp079816r2018-11-01w2018-11-01yBK c96482d96482